LEADER 01998nam0 22004093i 450 001 VAN00279002 005 20240924075653.356 017 70$2N$a9783031333217 100 $a20240702d2023 |0itac50 ba 101 $aeng 102 $aCH 105 $a|||| ||||| 200 1 $aScalar and Vector Risk in the General Framework of Portfolio Theory$eA Convex Analysis Approach$fStanislaus Maier-Paape ... [et al.] 210 $aCham$cSpringer$d2023 215 $axi, 228 p.$cill.$d24 cm 410 1$1001VAN00274827$12001 $aCMS/CAIMS Books in Mathematics$fCanadian Mathematical Society, Canadian Applied and Industrial Mathematics Society$1210 $aBerlin [etc.]$cSpringer$d2021-$v9 606 $a91-XX$xGame theory, economics, finance, and other social and behavioral sciences [MSC 2020]$3VANC025601$2MF 606 $a91G10$xPortfolio theory [MSC 2020]$3VANC031365$2MF 610 $aAsset allocation$9KW:K 610 $aBank balance sheet problems$9KW:K 610 $aConvex analysis application$9KW:K 610 $aConvex programming / duality$9KW:K 610 $aGeneral framework of portfolio theory$9KW:K 610 $aMultiple risks$9KW:K 610 $aPortfolio optimization$9KW:K 610 $aTopological structure of the efficient frontier$9KW:K 620 $aCH$dCham$3VANL001889 702 1$aMaier-Paape$bStanislaus$3VANV231542 712 $aSpringer $3VANV108073$4650 801 $aIT$bSOL$c20241115$gRICA 856 4 $uhttps://doi.org/10.1007/978-3-031-33321-7$zE-book ? Accesso al full-text attraverso riconoscimento IP di Ateneo, proxy e/o Shibboleth 899 $aBIBLIOTECA DEL DIPARTIMENTO DI MATEMATICA E FISICA$1IT-CE0120$2VAN08 912 $fN 912 $aVAN00279002 950 $aBIBLIOTECA DEL DIPARTIMENTO DI MATEMATICA E FISICA$d08DLOAD e-Book 9253 $e08eMF9253 20240704 996 $aScalar and Vector Risk in the General Framework of Portfolio Theory$94208897 997 $aUNICAMPANIA LEADER 02154nam0 22005533i 450 001 VAN00283259 005 20250310025213.570 017 70$2N$a9783662639153 100 $a20241122d2022 |0itac50 ba 101 $aeng 102 $aDE 105 $a|||| ||||| 181 $ai$b e 182 $ab 200 1 $aFluid Mechanics$eAn Introduction to the Theory of Fluid Flows$fFranz Durst 205 $a2. ed 210 $aBerlin$aHeidelberg$cSpringer$d2022 215 $axx, 818 p.$cill.$d24 cm 410 1$1001VAN00132770$12001 $aGraduate Texts in Physics$1210 $aBerlin [etc.]$cSpringer 606 $a00A79 (77-XX)$xPhysics [MSC 2020]$3VANC023182$2MF 606 $a74-XX$xMechanics of deformable solids [MSC 2020]$3VANC022466$2MF 606 $a76-XX$xFluid mechanics [MSC 2020]$3VANC019858$2MF 606 $a92Exx$xChemistry [MSC 2020]$3VANC025596$2MF 610 $aBernoulli Equations$9KW:K 610 $aCompressible Fluids$9KW:K 610 $aFluid Dynamics$9KW:K 610 $aFluid Kinematics$9KW:K 610 $aFluid mechanics$9KW:K 610 $aGas Dynamics$9KW:K 610 $aHeat Transfer Theory$9KW:K 610 $aHydrostatics and Aerostatics$9KW:K 610 $aIncompressible fluids$9KW:K 610 $aReynolds number$9KW:K 610 $aStream Tube Theory$9KW:K 610 $aTime-dependant Flows$9KW:K 610 $aTurbulent Flow$9KW:K 610 $aWaves in Fluids$9KW:K 620 $dBerlin$3VANL000066 620 $aDE$dHeidelberg$3VANL000282 700 1$aDurst$bFranz$3VANV236605$014815 712 $aSpringer $3VANV108073$4650 801 $aIT$bSOL$c20250314$gRICA 856 4 $uhttps://doi.org/10.1007/978-3-662-63915-3$zE-book ? Accesso al full-text attraverso riconoscimento IP di Ateneo, proxy e/o Shibboleth 899 $aBIBLIOTECA DEL DIPARTIMENTO DI MATEMATICA E FISICA$1IT-CE0120$2VAN08 912 $fN 912 $aVAN00283259 950 $aBIBLIOTECA DEL DIPARTIMENTO DI MATEMATICA E FISICA$d08DLOAD e-Book 9857 $e08eMF9857 20241211 996 $aFluid Mechanics$92901399 997 $aUNICAMPANIA